| 000 | 00452cam a2200181ua 4500 | ||
|---|---|---|---|
| 020 | _c4.00 | ||
| 041 |
_ahin _h |
||
| 082 |
_a891.54 _bREV/PA |
||
| 100 | _aRevathi saran sharma, . | ||
| 245 |
_aPathar our Aansoo / _cRevathi saran sharma. _hTextual Documents |
||
| 250 |
_a2 / _b. |
||
| 260 |
_aNew Delhi : _bNational Publishing House , _c1960. |
||
| 300 | _a232 ; . | ||
| 365 | _a4.00 | ||
| 504 | _a | ||
| 942 | _cBK | ||
| 999 |
_c3744 _d3744 |
||